| 000 | 01124cam0a220021700 4500 | ||
|---|---|---|---|
| 001 | tmp15223769 | ||
| 003 | UPRA | ||
| 005 | 20190826103206.0 | ||
| 008 | 950718s1954 be fre u | ||
| 035 | _a(Sirsi) r105013 | ||
| 035 | _a(UPRA)tmp15223769 | ||
| 040 | _cUPRA | ||
| 100 | 1 |
_aBulck, G. van. _6A62003.1 |
|
| 245 | 1 | 0 | _aMission linguistique 1949-1951. |
| 260 |
_aBruxelles, _c1954. |
||
| 490 | 1 |
_aInstitut Royal Colonial Belge. Section des Sciences Morales et Politiques. Memoires. Collection in-8 ; _vt. 31, fasc. 5 et dernier |
|
| 650 | 0 |
_aBantu languages. _6S3923.1 |
|
| 810 | 2 |
_aInstitut royal colonial belge. Section des sciences morales et politiques. Memoires. Collection in-8 ; _bInstitut royal colonial belge. Section des sciences morales et politiques. Memoires. Collection in-8 ; _tInstitut royal colonial belge. Section des sciences morales et politiques. Memoires. Collection in-8 ; _pInstitut royal colonial belge. Section des sciences morales et politiques. Memoires. Collection in-8 ; _vt. 31, fasc. 5 et dernier _6S5497.1 |
|
| 949 |
_aDT1.A2 _wlcc _i-149195 _mMAIN _tBOOK _lON-SHELF |
||
| 004 | 105013 | ||
| 999 |
_c165451 _d165451 |
||